Property's future on the internet (Record no. 61501)

MARC details
000 -LEADER
fixed length control field 00763cam a2200217 4500
001 - CONTROL NUMBER
control field ABS61469
008 - FIXED-LENGTH DATA ELEMENTS--GENERAL INFORMATION
fixed length control field 000000n1999 000 0 eng u
035 ## - SYSTEM CONTROL NUMBER
System control number (Sirsi) u102489
100 ## - MAIN ENTRY--PERSONAL NAME
Personal name Murphy, G.
245 ## - TITLE STATEMENT
Title Property's future on the internet
260 ## - PUBLICATION, DISTRIBUTION, ETC.
Date of publication, distribution, etc. 1999
490 ## - SERIES STATEMENT
Series statement The Valuer
Volume/sequential designation 68(6) November/December 1999, 14(1)
520 ## - SUMMARY, ETC.
Summary, etc. Discusses internet-based property auctions and considers whether these could ever replace tradtional auctions entirely. Also touches on the question of regulation of internet auctions.
590 ## - LOCAL NOTE (RLIN)
Local note ABS
650 ## - SUBJECT ADDED ENTRY--TOPICAL TERM
Topical term or geographic name entry element INTERNET AUCTIONS
650 ## - SUBJECT ADDED ENTRY--TOPICAL TERM
Topical term or geographic name entry element Auctioneering
9 (RLIN) 6218
650 ## - SUBJECT ADDED ENTRY--TOPICAL TERM
Topical term or geographic name entry element REGULATION
650 ## - SUBJECT ADDED ENTRY--TOPICAL TERM
Topical term or geographic name entry element ABOUT RICS-RICS MEMBERSHIP-RICS MEMBERSHIP BENEFITS
690 ## - LOCAL SUBJECT ADDED ENTRY--TOPICAL TERM (OCLC, RLIN)
Topical term or geographic name as entry element Auctioneering
9 (RLIN) 6218
942 ## - ADDED ENTRY ELEMENTS (KOHA)
Suppress in OPAC 0
Holdings
Withdrawn status Lost status Source of classification or shelving scheme Damaged status Not for loan Home library Current library Shelving location Date acquired Total Checkouts Full call number Barcode Date last seen Copy number Price effective from Koha item type
    Dewey Decimal Classification     London London Journal article 22/11/1999   ABS61469 102489-1001 06/08/2019 1 06/08/2019 Journal article